000
00291nam a22001337a 4500
008
210707s2011 xx 000 0 und d
041
_a
eng
082
_a
052 DTE
245
_a
Down to earth
260
_c
2011
650
_a
Environment
650
_a
Environment
906
_a
Down earth to
999
_c
179730
_d
179730